| 000 -LEADER |
| fixed length control field |
00959nam a22001337a 4500 |
| 040 ## - CATALOGING SOURCE |
| Transcribing agency |
RUA |
| 082 ## - DEWEY DECIMAL CLASSIFICATION NUMBER |
| Classification number |
FOR DOU 2014 B446 Or.1 |
| 100 ## - MAIN ENTRY--AUTHOR NAME |
| Personal name |
DOUNG CHAM RAEUN ; ដួង ចំរើន |
| 245 ## - TITLE STATEMENT |
| Title |
Study on disigning preybasak pleasant site to become natural culture tourishim site in basak commun, svaychrum district, svayreing province between 2009-2014 , សិក្សាពីការរៀបចំរមណីយដ្ឋានព្រៃបាសាក់អោយទៅជាតំបន់ទេសចរណ៍វប្បធម៌ធម្មជាតិស្ថិតក្នុងឃុំបាសាក់ ស្រុកស្វាយជ្រុំ ខេត្តស្វាយរៀងចន្លោះឆ្នំា ២០០៩-២០១៤ |
| 260 ## - PUBLICATION, DISTRIBUTION, ETC. (IMPRINT) |
| Place of publication |
Phnom Penh |
| Name of publisher |
RUA |
| Year of publication |
2014 |
| 300 ## - PHYSICAL DESCRIPTION |
| Number of Pages |
x ;40p. |
| Other physical details |
ill. |
| Dimensions |
29cm. |
| 856 ## - ELECTRONIC LOCATION AND ACCESS |
| Uniform Resource Identifier |
https://drive.google.com/file/d/1nCxZJwIg3p1TjY0s8Rusfh5jS1Lk9-Wh/view?usp=sharing |
| 942 ## - ADDED ENTRY ELEMENTS (KOHA) |
| Koha item type |
FOR |
| 952 ## - LOCATION AND ITEM INFORMATION (KOHA) |
| Withdrawn status [LOCAL, KOHA] |
0 |
| 952 ## - LOCATION AND ITEM INFORMATION (KOHA) |
| Withdrawn status [LOCAL, KOHA] |
0 |
| 952 ## - LOCATION AND ITEM INFORMATION (KOHA) |
| Withdrawn status [LOCAL, KOHA] |
0 |
| 952 ## - LOCATION AND ITEM INFORMATION (KOHA) |
| Withdrawn status [LOCAL, KOHA] |
0 |
| 952 ## - LOCATION AND ITEM INFORMATION (KOHA) |
| Withdrawn status [LOCAL, KOHA] |
0 |
| 952 ## - LOCATION AND ITEM INFORMATION (KOHA) |
| Withdrawn status [LOCAL, KOHA] |
0 |
| 952 ## - LOCATION AND ITEM INFORMATION (KOHA) |
| Withdrawn status [LOCAL, KOHA] |
0 |
| 952 ## - LOCATION AND ITEM INFORMATION (KOHA) |
| Withdrawn status [LOCAL, KOHA] |
0 |
| 952 ## - LOCATION AND ITEM INFORMATION (KOHA) |
| Withdrawn status [LOCAL, KOHA] |
0 |